Les tubes de Britney Spears classés dans le Top 10 en France - Statistiques

Statistiques générales
  • Ce quiz a été pris 185 fois
  • Le résultat moyen est 7 sur 14
Statistiques - réponses
Année de sortie Position dans les charts Réponse % Correct
1998 1 Baby One More Time
94%
2004 3 Toxic
92%
2000 4 Oops I Did It Again
81%
2008 1 Womanizer
78%
2007 5 Gimme More
66%
2004 2 Everytime
55%
2013 6 Work Bitch
50%
2011 5 I Wanna Go
41%
2012 1 Scream & Shout
40%
2011 8 Till The World Ends
35%
2001 8 I'm a Slave 4 U
29%
1999 2 (You Drive Me) Crazy
27%
1999 9 Born To Make You Happy
18%
2011 3 S&M
15%
Aucun quiz correspondant
Distribution des résultats
% des personnes avec chaque résultat
Percentile par nombre de réponses
Votre historique - résultats
Vous n’avez pas pris ce quiz